000 00845nam a2200229Ii 4500
003 JO-AjNU
008 230605s9999||||xx |||||||||||||| ||und||
017 _a2000/10/2846
020 _a978-9957-00-125-6
040 _aJO-AjNU
_bara
_erda
_cJO-AjNU
041 _aara
050 1 4 _aPJ6071.A2296 2000
100 3 _aتأليف عبابنة، يحيى,
_eauthor
_961990
245 0 0 _aدراسات في فقه اللغة والفنولوجيا العربية
250 _aالطبعة الاولى
264 3 1 _aعمان: دار الشروق للنشر والتوزيع، 2000
300 _a260ص
_b ويحتوي على قائمة مراجع من ص242-ص260
336 _atext
_btxt
_2rdacontent
337 _aunmediated
_bn
_2rdamedia
338 _avolume
_bnc
_2rdacarrier
650 4 _aاللغة العربية-اللسانيات
_961991
999 _aA28048
_c31616
_d31616